Αισθητική θεώρηση της βυζαντινής τέχνης
Αποθηκεύτηκε σε:
| Κύριος συγγραφέας: | |
|---|---|
| Μορφή: | Βιβλίο |
| Γλώσσα: | Greek |
| Δημοσίευση: |
[Αθήνα] :
Ίδρυμα Παναγιώτη και Έφης Μιχελή,
[c2006]
|
| Έκδοση: | 7η έκδ. |
| Σειρά: | Βιβλιοθήκη αισθητικής
|
| Θέματα: | |
| Ετικέτες: |
Προσθήκη ετικέτας
Δεν υπάρχουν, Καταχωρήστε ετικέτα πρώτοι!
|
MARC
| LEADER | 00000cam a2200000 i 4500 | ||
|---|---|---|---|
| 001 | 1/35372 | ||
| 008 | 061011s2006 gre d | ||
| 020 | |a 960-7588-22-3 | ||
| 035 | |l 10085515 | ||
| 040 | |a GR-MY-UA |b gre |e aacr | ||
| 041 | 0 | |a gre | |
| 082 | 0 | |a 709.0214 |2 (22) | |
| 100 | 1 | |a Μιχελής, Παναγιώτης Α., |d 1903-1969. | |
| 245 | 1 | 0 | |a Αισθητική θεώρηση της βυζαντινής τέχνης / |c Π. Α. Μιχελής |
| 250 | |a 7η έκδ. | ||
| 260 | |a [Αθήνα] : |b Ίδρυμα Παναγιώτη και Έφης Μιχελή, |c [c2006] | ||
| 300 | |a 398 σ.; |c 21 εκ. | ||
| 490 | 1 | |a Βιβλιοθήκη αισθητικής | |
| 650 | 0 | 0 | |a Art, Byzantine. |
| 650 | 0 | 0 | |a Architecture, Byzantine. |
| 650 | 0 | 0 | |a Painting, Byzantine. |
| 830 | 0 | |a Βιβλιοθήκη αισθητικής | |
| 852 | |a INST |b RHODES |e 20061011 |h 709.0214 ΜΙΧ |p 005400024113 |q 005400024113 |t BK |y 0 | ||
| 901 | |a BIBL4-2006-3 | ||
| 909 | |a Ρ |b 127000 | ||
| 970 | |a ΚΟΖΑ |b ΜΑΡΙΑ |z 2006/10/11 | ||